000 00544nam a22002051 4500
001 3117090
005 20180216072747.0
008 840113s1967 mau b 000 0 eng
010 _a 67017256
040 _aDLC/ICU
_cICU
_dDLC
041 _aeng
080 _a530.13 KEN
082 0 0 _a530.13 KEN
100 1 _a38
101 _aMAT
245 1 0 _aLinear transport theory
_c[by] Kenneth M. Case and Paul F. Zweifel.
504 _aBibliographical footnotes.
906 _a7
_bcbc
_corignew
_du
_eocip
_f19
_gy-gencatlg
942 _2ddc
_cBK
999 _c42802
_d42802